Diseño de un analizador de luz polarizada

Αποθηκεύτηκε σε:
Λεπτομέρειες βιβλιογραφικής εγγραφής
Κύριος συγγραφέας: Araya Chacón, Gonzalo Andrés
Μορφή: Βιβλίο
Έκδοση: San José, C.R 2002
Θέματα:
Ετικέτες: Προσθήκη ετικέτας
Δεν υπάρχουν, Καταχωρήστε ετικέτα πρώτοι!

MARC

LEADER 00000nam a2200000Ia 4500
003 008916
005 20221231144155.0
008 140114s2002 cr a m 000 ||s d
040 |c cru CEDI 
090 |a TFG 4477 
100 |a Araya Chacón, Gonzalo Andrés  |9 7433 
245 |a Diseño de un analizador de luz polarizada 
260 |c 2002  |a San José, C.R 
300 |a  82, [8] hojas : ilustraciones  
500 |a  Proyecto de graduación (bachillerato en ingeniería eléctrica)--Universidad de Costa Rica. Facultad de Ingeniería. Escuela de Ingeniería Eléctrica 
650 |x  PROGRAMAS PARA COMPUTADORA   |x  DISEÑO  |x POLARIZACION (LUZ)  |9 7434 
942 |c TFG 
999 |c 17964  |d 17964